|
|
|
|
| LEADER |
01973nam a2200469 i 4500 |
| 001 |
EBC4689652 |
| 003 |
MiAaPQ |
| 005 |
20200520144314.0 |
| 006 |
m o d | |
| 007 |
cr cnu|||||||| |
| 008 |
161006s2016 xxkad ob 000 0 eng|d |
| 020 |
|
|
|z 9781785609589
|
| 020 |
|
|
|a 9781785609572 (e-book)
|
| 035 |
|
|
|a (MiAaPQ)EBC4689652
|
| 035 |
|
|
|a (Au-PeEL)EBL4689652
|
| 035 |
|
|
|a (CaPaEBR)ebr11266906
|
| 035 |
|
|
|a (CaONFJC)MIL955021
|
| 035 |
|
|
|a (OCoLC)958651087
|
| 040 |
|
|
|a MiAaPQ
|b eng
|e rda
|e pn
|c MiAaPQ
|d MiAaPQ
|
| 050 |
|
4 |
|a HG187.C6
|b P65 2016
|
| 082 |
0 |
|
|a 332.0951
|2 23
|
| 245 |
0 |
4 |
|a The political economy of Chinese finance /
|c edited by J. Jay Choi, Temple University, Philadelphia, PA, USA, Michael R. Powers, Tsinghua University, Beijing, China, Xiaotian Tina Zhang, Saint Mary's College of California, Moraga, CA, USA.
|
| 250 |
|
|
|a First edition.
|
| 264 |
|
1 |
|a United Kingdom :
|b Emerald,
|c 2016.
|
| 300 |
|
|
|a 1 online resource (424 pages) :
|b illustrations (some color)
|
| 336 |
|
|
|a text
|2 rdacontent
|
| 337 |
|
|
|a computer
|2 rdamedia
|
| 338 |
|
|
|a online resource
|2 rdacarrier
|
| 490 |
1 |
|
|a International finance review,
|x 1569-3767 ;
|v volume 17
|
| 504 |
|
|
|a Includes bibliographical references.
|
| 588 |
|
|
|a Description based on online resource; title from PDF title page (ebrary, viewed October 6, 2016).
|
| 590 |
|
|
|a Electronic reproduction. Ann Arbor, MI : ProQuest, 2016. Available via World Wide Web. Access may be limited to ProQuest affiliated libraries.
|
| 650 |
|
0 |
|a Finance
|z China.
|
| 651 |
|
0 |
|a China
|x Economic conditions.
|
| 651 |
|
0 |
|a China
|x Politics and government.
|
| 655 |
|
4 |
|a Electronic books.
|
| 700 |
1 |
|
|a Choi, J. Jay,
|e editor.
|
| 700 |
1 |
|
|a Powers, Michael R.,
|e editor.
|
| 700 |
1 |
|
|a Zhang, Xiaotian Tina,
|e editor.
|
| 797 |
2 |
|
|a ProQuest (Firm)
|
| 830 |
|
0 |
|a International finance review ;
|v v. 17.
|
| 856 |
4 |
0 |
|u https://ebookcentral.proquest.com/lib/matrademy/detail.action?docID=4689652
|z Click to View
|